000 nam a22 a 4500
999 _c379484
_d379484
003 BLK
005 20201007040915.0
008 200805b bu ||||| |||| 00| 0 bu d
040 _aBLK
041 _aRUS
_cRUS
080 _aБългарска литература
_b821.163.2
_x-1
_z821.163.2-1
100 _aИсаев, Младен
_eпърви автор
_91299
245 _aЛирика
_cМладен Исаев ; перев. с болг.
260 _9210550
_aМосква
_bПрогресс
_c1964
300 _a88 с.
_c18 см
380 _aX
490 _9423903
_aСовременная зарубежная поэзия
852 _aЦб І 7208
942 _cKNG
_n0
_s1
944 _aCR
_c2020-08-05
_kВаля Йорданова